Majster Pavol z Levoče : Tvorca vrcholného diela slovenskej neskorej gotiky /

Saved in:
Bibliographic Details
Main Authors: Homolka, Jaromír (Author), Horváth, P. (Author), Kotrba, F. (Author), Kotrba, V. (Author), Pašteka, Július (Author), Tilkovský, Vojtech (Author)
Format: Book
Language:Slovak
Published: Bratislava : Slovenské vydavateľstvo krásnej literatúry, n.p., 1961
Edition:1. vydanie
Subjects:
Tags: Add Tag
No Tags, Be the first to tag this record!

MARC

LEADER 00000nam a22000003a 4500
001 0066396
003 SK-STU
005 20190401141219.9
007 ta
008 180720s ----xo-----e------000-0-----d
040 |a STU  |b slo 
041 0 |a slo 
044 |a xo 
100 1 |a Homolka, Jaromír  |4 aut 
245 1 0 |a Majster Pavol z Levoče :  |b Tvorca vrcholného diela slovenskej neskorej gotiky /  |c aut. Jaromír Homolka, P. Horváth, F. Kotrba, V. Kotrba, Július Pašteka, Vojtech Tilkovský 
250 |a 1. vydanie 
260 |a Bratislava :  |b Slovenské vydavateľstvo krásnej literatúry, n.p.,  |c 1961 
300 |a 347 s. ;  |b 32 obrazových príloh 
650 0 7 |a gotika na Slovensku 
650 0 7 |a neskorá gotika 
650 0 7 |a oltár 
650 0 7 |a Levoča 
650 0 7 |a umelecké dielo 
650 0 7 |a výtvarníci slovenskí 
650 0 7 |a život a dielo 
700 1 |a Horváth, P.  |4 aut 
700 1 |a Kotrba, F.  |4 aut 
700 1 |a Kotrba, V.  |4 aut 
700 1 |a Pašteka, Július  |4 aut 
700 1 |a Tilkovský, Vojtech  |4 aut 
996 |b 284AU07667  |c A* 10916/U  |l AAKNAR  |s A  |a 24  |w 0066396_0001